Sermons on the prodigal son. (Record no. 7406)

000 -LEADER
fixed length control field 00632nam a2200205 a 4500
001 - CONTROL NUMBER
control field :::00005167$&:&@@
003 - CONTROL NUMBER IDENTIFIER
control field OkBaRHE
005 - DATE AND TIME OF LATEST TRANSACTION
control field 20000607103323.0
008 - FIXED-LENGTH DATA ELEMENTS--GENERAL INFORMATION
fixed length control field s1959 j 000 0 eng u
040 ## - CATALOGING SOURCE
Transcribing agency
100 1# - MAIN ENTRY--PERSONAL NAME
Personal name Whiting, Thomas A.
245 10 - TITLE STATEMENT
Title Sermons on the prodigal son.
260 ## - PUBLICATION, DISTRIBUTION, ETC. (IMPRINT)
Place of publication, distribution, etc New York, NY., :
Name of publisher, distributor, etc Abingdon Press
Date of publication, distribution, etc c1959
300 ## - PHYSICAL DESCRIPTION
Extent 111 p. ;
Dimensions 20 cm.
650 ## - SUBJECT ADDED ENTRY--TOPICAL TERM
Topical term or geographic name as entry element Jesus Christ
General subdivision Parables
-- Sermons
650 ## - SUBJECT ADDED ENTRY--TOPICAL TERM
Topical term or geographic name as entry element Prodigal Son (Parable)
General subdivision Sermons
650 ## - SUBJECT ADDED ENTRY--TOPICAL TERM
Topical term or geographic name as entry element Sermons, American
942 ## - ADDED ENTRY ELEMENTS (KOHA)
Source of classification or shelving scheme
Koha item type Books
Copies
Shelving location Full call number Damaged status Not for loan Koha item type Barcode Lost status Date last seen Copy number Source of classification or shelving scheme Date acquired Price effective from Withdrawn status Permanent Location
General StacksBT 378 .P8W48  Books5167 2010-04-141 2010-04-142010-04-14 RHEMA Bible Training College